<?xml version="1.0" encoding="UTF-8"?>
<collection xmlns="http://www.loc.gov/MARC21/slim">
 <record>
  <leader>02099nam a22002177a 4500</leader>
  <controlfield tag="001">NCT_34141</controlfield>
  <controlfield tag="008">180428b        xxu||||| |||| 00| 0 vie d</controlfield>
  <datafield tag="999" ind1=" " ind2=" ">
   <subfield code="c">1648</subfield>
   <subfield code="d">1648</subfield>
  </datafield>
  <datafield tag="020" ind1=" " ind2=" ">
   <subfield code="a">9786047424832</subfield>
   <subfield code="c">64000</subfield>
  </datafield>
  <datafield tag="082" ind1="0" ind2="4">
   <subfield code="2">23rd ed.</subfield>
   <subfield code="a">615</subfield>
   <subfield code="b">Th502</subfield>
  </datafield>
  <datafield tag="100" ind1="1" ind2=" ">
   <subfield code="a">Nam Thuận</subfield>
  </datafield>
  <datafield tag="245" ind1="1" ind2=" ">
   <subfield code="a">Sức khỏe từ thiên nhiên cây thuốc nam thuốc nam gia truyền</subfield>
   <subfield code="b">: Cây thuốc và bài thuốc nam phổ biến quanh nhà, 12 loại cây, hoa dễ trồng trong nhà có tác dụng đuỗi mũi, phòng virus Zika, các món ăn bài thuốc dành cho người bệnh, các món ăn kị nhau</subfield>
   <subfield code="c">Nam Thuận; Trần Phước Vinh (hiệu đính)</subfield>
  </datafield>
  <datafield tag="260" ind1=" " ind2=" ">
   <subfield code="a">TP Thanh Hóa</subfield>
   <subfield code="b">Thanh hóa</subfield>
   <subfield code="c">2016</subfield>
  </datafield>
  <datafield tag="300" ind1=" " ind2=" ">
   <subfield code="a">302 tr.</subfield>
   <subfield code="b">Ảnh</subfield>
   <subfield code="c">21cm</subfield>
  </datafield>
  <datafield tag="520" ind1="3" ind2=" ">
   <subfield code="a">Sách giới thiệu một số bài thuốc đơn giản từ những loại cây thuốc Nam rất quen thuộc, gần gũi trong cuộc sống, dễ kiếm mà lại rẻ tiền, có tác dụng phòng và chữa bệnh rất tốt để mọi người biết và sử dụng. Sách gồm những phần sau: Phần mở đầu: Những triệu chứng bệnh thường gặp không nên bỏ qua. Phần một: Cây thuốc và bài thuốc Nam phổ biến quanh nhà. Trong đó có 12 loại cây hoa dễ trồng trong nhà có tác dụng đuổi muỗi, phòng virus Zika. Phần hai: Các món ăn bài thuốc dành cho người bệnh. Phần ba: Các món ăn kị nhau.</subfield>
  </datafield>
  <datafield tag="653" ind1=" " ind2=" ">
   <subfield code="a">Y đa khoa</subfield>
  </datafield>
  <datafield tag="700" ind1="1" ind2=" ">
   <subfield code="a">Trần Phước Vinh</subfield>
   <subfield code="e">Hiệu đính</subfield>
  </datafield>
  <datafield tag="942" ind1=" " ind2=" ">
   <subfield code="2">ddc</subfield>
   <subfield code="c">BK</subfield>
  </datafield>
  <datafield tag="952" ind1=" " ind2=" ">
   <subfield code="0">0</subfield>
   <subfield code="1">0</subfield>
   <subfield code="2">ddc</subfield>
   <subfield code="4">0</subfield>
   <subfield code="6">615_000000000000000_TH502</subfield>
   <subfield code="7">0</subfield>
   <subfield code="9">7836</subfield>
   <subfield code="a">000001</subfield>
   <subfield code="b">000001</subfield>
   <subfield code="d">2018-04-28</subfield>
   <subfield code="o">615 Th502</subfield>
   <subfield code="p">MD.11562</subfield>
   <subfield code="r">2018-04-28</subfield>
   <subfield code="v">64000.00</subfield>
   <subfield code="w">2018-04-28</subfield>
   <subfield code="y">BK</subfield>
  </datafield>
  <datafield tag="952" ind1=" " ind2=" ">
   <subfield code="0">0</subfield>
   <subfield code="1">0</subfield>
   <subfield code="2">ddc</subfield>
   <subfield code="4">0</subfield>
   <subfield code="6">615_000000000000000_TH502</subfield>
   <subfield code="7">0</subfield>
   <subfield code="9">7837</subfield>
   <subfield code="a">000001</subfield>
   <subfield code="b">000001</subfield>
   <subfield code="d">2018-04-28</subfield>
   <subfield code="l">9</subfield>
   <subfield code="o">615 Th502</subfield>
   <subfield code="p">MD.11053</subfield>
   <subfield code="r">2020-12-03</subfield>
   <subfield code="s">2020-11-18</subfield>
   <subfield code="v">64000.00</subfield>
   <subfield code="w">2018-04-28</subfield>
   <subfield code="y">BK</subfield>
  </datafield>
  <datafield tag="980" ind1=" " ind2=" ">
   <subfield code="a">Thư viện Trường Đại học Nam Cần Thơ</subfield>
  </datafield>
 </record>
</collection>
